Quitting tobacco : having a drink ... without smoking.

Bibliographic Details
Corporate Author: National Cancer Institute (U.S.)
Format: Government Document Book
Language:English
Published: [Bethesda, Md.] : National Cancer Institute, [2004]
Series:Fact sheet (National Cancer Institute (U.S.)) ; 10.12.
Subjects:
Online Access:https://purl.fdlp.gov/GPO/LPS101283

MARC

Tag First Indicator Second Indicator Subfields
LEADER 00000cam a2200000Ka 4500
001 in00002439321
005 20211202185525.0
006 m d f
008 080903s2004 mdu s f000 0 eng d
035 |a (OCoLC)ocn244930002 
040 |a GPO  |c GPO  |d MvI  |d UtOrBLW 
049 |a WWW 
074 |a 0507-G-37 (online) 
086 0 |a HE 20.3182:Q 4/9 
245 0 0 |a Quitting tobacco :  |b having a drink ... without smoking. 
264 1 |a [Bethesda, Md.] :  |b National Cancer Institute,  |c [2004] 
300 |a 2 pages :  |b digital, PDF file. 
336 |a text  |b txt  |2 rdacontent 
337 |a computer  |b c  |2 rdamedia 
338 |a unspecified  |b zu  |2 rdacarrier 
490 1 |a Fact sheet ;  |v 10.12 
538 |a Mode of access: Internet from the NCI web site. Address as of 9/03/2008: http://www.cancer.gov/PDF/FactSheet/fs10%5F12.pdf ; current access available via PURL. 
500 |a Title from title screen (viewed on Sept. 3, 2008). 
500 |a "11/8/04." 
500 |a Electronic resource. 
650 0 |a Smoking cessation. 
710 2 |a National Cancer Institute (U.S.) 
830 0 |a Fact sheet (National Cancer Institute (U.S.)) ;  |v 10.12. 
856 4 0 |u https://purl.fdlp.gov/GPO/LPS101283  |t 0 
999 |a MARS 
999 f f |s 041221a3-7826-3fb2-8224-1be0648733e2  |i 501ec9b1-9659-386f-8aaa-2eb020ce24b9  |t 0 
952 f f |a Texas A&M University  |b College Station  |c Electronic Resources  |d Available Online  |t 0  |e HE 20.3182:Q 4/9  |h Superintendent of Documents classification 
998 f f |a HE 20.3182:Q 4/9  |t 0  |l Available Online